Rājakīya hatyā. (Record no. 64980)

MARC details
000 -LEADER
fixed length control field 00524cam a22002171 4500
001 - CONTROL NUMBER
control field sa 65006991
003 - CONTROL NUMBER IDENTIFIER
control field DLC
005 - DATE AND TIME OF LATEST TRANSACTION
control field 20260227112146.0
008 - FIXED-LENGTH DATA ELEMENTS--GENERAL INFORMATION
fixed length control field 890113s1965 ii 000 1 maro
010 ## - LIBRARY OF CONGRESS CONTROL NUMBER
LC control number sa 65006991
035 ## - SYSTEM CONTROL NUMBER
System control number (OCoLC)23556454
040 ## - CATALOGING SOURCE
Original cataloging agency DLC
Transcribing agency MiU
Modifying agency DLC
042 ## - AUTHENTICATION CODE
Authentication code premarc
050 00 - LIBRARY OF CONGRESS CALL NUMBER
Classification number HV6278
Item number .B3
100 1# - MAIN ENTRY--PERSONAL NAME
Personal name Barve, Rā. Kā.,
Dates associated with a name 1927-
245 10 - TITLE STATEMENT
Title Rājakīya hatyā.
260 ## - PUBLICATION, DISTRIBUTION, ETC.
Date of publication, distribution, etc. [1965]
300 ## - PHYSICAL DESCRIPTION
Extent 111 p.
Other physical details illus., ports.
Dimensions 19 cm.
500 ## - GENERAL NOTE
General note Romanized.
650 #0 - SUBJECT ADDED ENTRY--TOPICAL TERM
Topical term or geographic name entry element Assassination

No items available.

Powered by Koha